Development of Linguistic Linked Open Data Resources for Collaborative Data-Intensive Research in the Language Sciences (Record no. 92838)

MARC details
000 -LEADER
fixed length control field 01821nam a2200217Ii 4500
008 - FIXED-LENGTH DATA ELEMENTS--GENERAL INFORMATION
fixed length control field 221202s xx 000 0 und d
245 #0 - TITLE STATEMENT
Title Development of Linguistic Linked Open Data Resources for Collaborative Data-Intensive Research in the Language Sciences
264 #1 - PRODUCTION, PUBLICATION, DISTRIBUTION, MANUFACTURE, AND COPYRIGHT NOTICE
Place of production, publication, distribution, manufacture Cambridge, MA
Name of producer, publisher, distributor, manufacturer The MIT Press
Date of production, publication, distribution, manufacture, or copyright notice 2019
300 ## - PHYSICAL DESCRIPTION
Extent 1 online resource
336 ## - CONTENT TYPE
Content type term text
Content type code txt
Source rdacontent
337 ## - MEDIA TYPE
Media type term computer
Media type code c
Source rdamedia
338 ## - CARRIER TYPE
Carrier type term online resource
Carrier type code cr
Source rdacarrier
520 ## - SUMMARY, ETC.
Summary, etc. This book is the product of an international workshop dedicated to addressing data accessibility in the linguistics field. It is therefore vital to the book's mission that its content be open access. Linguistics as a field remains behind many others as far as data management and accessibility strategies. The problem is particularly acute in the subfield of language acquisition, where international linguistic sound files are needed for reference. Linguists' concerns are very much tied to amount of information accumulated by individual researchers over the years that remains fragmented and inaccessible to the larger community. These concerns are shared by other fields, but linguistics to date has seen few efforts at addressing them. This collection, undertaken by a range of leading experts in the field, represents a big step forward. Its international scope and interdisciplinary combination of scholars/librarians/data consultants will provide an important contribution to the field.
653 ## - INDEX TERM--UNCONTROLLED
Uncontrolled term Linguistics
700 1# - ADDED ENTRY--PERSONAL NAME
Personal name Blume, Maria
700 1# - ADDED ENTRY--PERSONAL NAME
Personal name Chiarcos, Christian
700 1# - ADDED ENTRY--PERSONAL NAME
Personal name Lust, Barbara
700 1# - ADDED ENTRY--PERSONAL NAME
Personal name Pareja-Lora, Antonio
856 ## - ELECTRONIC LOCATION AND ACCESS
Uniform Resource Identifier <a href="https://docs.google.com/spreadsheets/d/1yKIrdCPDAG_9c22mwoOIO2DOhtj65Wqa/edit?usp=sharing&ouid=106555315294820607512&rtpof=true&sd=true ">https://docs.google.com/spreadsheets/d/1yKIrdCPDAG_9c22mwoOIO2DOhtj65Wqa/edit?usp=sharing&ouid=106555315294820607512&rtpof=true&sd=true </a>
Link text List of Curated E-Books
942 ## - ADDED ENTRY ELEMENTS (KOHA)
Koha item type E-Book

No items available.

University of Rizal System
Email us at univlibservices@urs.edu.ph

Visit our Website www.urs.edu.ph/library